Así Vivian en la Grecia Antigua

Bibliographic Details
Main Author: López Melero, Raquel
Format: Section = Libro
Language:Undetermined
Spanish
Published: España ANAYA 2000
Subjects:
LEADER 00487nam a2200193Ia 4500
008 240829s9999 xx 000 0 und d
020 |a 84-207-3444-6 
040 |a BIBLIOTECA-RUSB/ 722.8 L864 
041 |a spa 
082 |a 722.8 L864 
100 1 |a López Melero, Raquel 
245 1 0 |a Así Vivian en la Grecia Antigua 
260 |a España  |b ANAYA  |c 2000 
300 |a 96 p. :il. 
650 7 |a ARQUITECTURA GRIEGA 
650 7 |b  CIVILIZACION 
942 |c BK  |2 ddc 
991 |a TEXTO 
999 |c 5163